000 00783nam a2200265Ia 4500
001 Para_5332
003 CHAP
008 220125s1922 xx 000 0 und d
010 _a203861
040 _cCHAP
090 _aPA FOLLETO 2673
100 _aCobbs, John L
_924166
245 _aFarmers' bulletins nos. 1176-1200 :
_b with contents and index /
_c John L. Cobbs
260 _aWashington :
_b Department of Agriculture
300 _a19 p.
440 _aEUA. Dept. of Agrì. Farmers' Bull.; 1176-1200
_9169802
650 _aAgricultura y ganadería
_x Bibliografía
_92076
901 _aPA FOLLETO 2673
902 _aA
905 _a0000001922 WAS 0000000000 00
910 _a1922
942 _cPARA
942 _cPARA
_d1
999 _c203861
_d203861